Theory and Design for Mechanical Measurements / (Record no. 1940)
[ view plain ]
| 000 -LEADER | |
|---|---|
| fixed length control field | 01037nac a22002411u 4500 |
| 008 - FIXED-LENGTH DATA ELEMENTS--GENERAL INFORMATION | |
| fixed length control field | 081214t2006 nyu|||||r|||| 001 0 eng d |
| 010 ## - LIBRARY OF CONGRESS CONTROL NUMBER | |
| LC control number | 2005047492 |
| 020 ## - INTERNATIONAL STANDARD BOOK NUMBER | |
| International Standard Book Number | 9780471445937 (cloth : alk. paper) |
| 020 ## - INTERNATIONAL STANDARD BOOK NUMBER | |
| International Standard Book Number | 0471445932 (cloth : alk. paper) |
| 082 00 - DEWEY DECIMAL CLASSIFICATION NUMBER | |
| Classification number | 681.2 |
| Item number | FIG |
| 100 1# - MAIN ENTRY--PERSONAL NAME | |
| Personal name | Figliola, R. S. |
| 9 (RLIN) | 8850 |
| 245 10 - TITLE STATEMENT | |
| Title | Theory and Design for Mechanical Measurements / |
| Statement of responsibility, etc | Richard S. Figliola, Donald E. Beasley. |
| 250 ## - EDITION STATEMENT | |
| Edition statement | 4th ed. |
| 260 ## - PUBLICATION, DISTRIBUTION, ETC. (IMPRINT) | |
| Place of publication, distribution, etc | Hoboken, N.J. : |
| Name of publisher, distributor, etc | John Wiley, |
| Date of publication, distribution, etc | c2006. |
| 300 ## - PHYSICAL DESCRIPTION | |
| Extent | xvi, 542 p. : |
| Other physical details | ill. ; |
| Dimensions | 26 cm. |
| 504 ## - BIBLIOGRAPHY, ETC. NOTE | |
| Bibliography, etc | Includes bibliographical references and index. |
| 650 #0 - SUBJECT ADDED ENTRY--TOPICAL TERM | |
| Topical term or geographic name as entry element | Mensuration |
| Form subdivision | Textbooks. |
| 9 (RLIN) | 8851 |
| 700 1# - ADDED ENTRY--PERSONAL NAME | |
| Personal name | Beasley, Donald E. |
| 9 (RLIN) | 8852 |
| 856 42 - ELECTRONIC LOCATION AND ACCESS | |
| Materials specified | Publisher description |
| Uniform Resource Identifier | <a href="http://www.loc.gov/catdir/enhancements/fy0624/2005047492-d.html">http://www.loc.gov/catdir/enhancements/fy0624/2005047492-d.html</a> |
| 856 42 - ELECTRONIC LOCATION AND ACCESS | |
| Materials specified | Table of contents only |
| Uniform Resource Identifier | <a href="http://www.loc.gov/catdir/enhancements/fy0624/2005047492-t.html">http://www.loc.gov/catdir/enhancements/fy0624/2005047492-t.html</a> |
| 856 42 - ELECTRONIC LOCATION AND ACCESS | |
| Materials specified | Contributor biographical information |
| Uniform Resource Identifier | <a href="http://www.loc.gov/catdir/enhancements/fy0661/2005047492-b.html">http://www.loc.gov/catdir/enhancements/fy0661/2005047492-b.html</a> |
| 942 ## - ADDED ENTRY ELEMENTS (KOHA) | |
| Item type | Book - Borrowing |
| Call number prefix | 681.2 FIG |
| Source of classification or shelving scheme | Dewey Decimal Classification |
| Withdrawn status | Item status | Source of classification or shelving scheme | Damaged status | Not for loan | Home library | Current library | Shelving location | Date acquired | Source of acquisition | Total Checkouts | Total Renewals | Full call number | Barcode | Date last seen | Date last borrowed | Koha item type | Vendor |
|---|---|---|---|---|---|---|---|---|---|---|---|---|---|---|---|---|---|
| Dewey Decimal Classification | Central Library | Central Library | First floor | 14/12/2008 | Purchase | 2 | 19 | 681.2 FIG | 000014287 | 15/07/2025 | 05/11/2015 | Book - Borrowing | |||||
| Dewey Decimal Classification | Central Library | Central Library | First floor | 14/10/2009 | 2 | 1 | 681.2 FIG | 000018267 | 15/07/2025 | 01/09/2014 | Book - Borrowing | Baccah | |||||
| Dewey Decimal Classification | Central Library | Central Library | First floor | 14/10/2009 | 681.2 FIG | 000018266 | 15/07/2025 | NB - Book (Non borrowing) | Baccah | ||||||||
| Dewey Decimal Classification | Central Library | Central Library | First floor | 21/10/2009 | 1 | 681.2 FIG | 000018477 | 15/07/2025 | 14/09/2011 | Book - Borrowing | Baccah | ||||||
| Dewey Decimal Classification | Central Library | Central Library | First floor | 17/10/2010 | 681.2 FIG | 000021777 | 15/07/2025 | Book - Borrowing | Baccah | ||||||||
| Dewey Decimal Classification | Central Library | Central Library | First floor | 17/10/2010 | 681.2 FIG | 000021791 | 15/07/2025 | Book - Borrowing | Baccah | ||||||||
| Dewey Decimal Classification | Central Library | Central Library | First floor | 17/10/2010 | 1 | 2 | 681.2 FIG | 000021790 | 15/07/2025 | 05/12/2018 | Book - Borrowing | Baccah | |||||
| Dewey Decimal Classification | Central Library | Central Library | First floor | 17/10/2010 | 681.2 FIG | 000021789 | 15/07/2025 | Book - Borrowing | Baccah | ||||||||
| Dewey Decimal Classification | Central Library | Central Library | First floor | 17/10/2010 | 681.2 FIG | 000021788 | 15/07/2025 | NB - Book (Non borrowing) | Baccah |